| 000 | 00562nam a22001697a 4500 | ||
|---|---|---|---|
| 003 | PILC | ||
| 005 | 20150112093425.0 | ||
| 008 | 130213t xxu||||| |||| 00| 0 eng d | ||
| 020 | _a9715540139 | ||
| 050 |
_aHF 5387 _b.M344 1997 |
||
| 082 |
_aEtSFf 174.4 _bM14 1997 |
||
| 100 |
_aMacdonald, Roderick J. _910845 |
||
| 245 |
_aValues & ethics in business : _cRoderick J. Macdonald with Patrick Pichette _bdesigning the ethical corporation / |
||
| 260 |
_aManila _bSinag-tala Publishers _c1997 |
||
| 300 |
_a119 pages : _c22 cm _billustration ; |
||
| 942 |
_2lcc _cBK |
||
| 999 |
_c14173 _d14173 |
||